| Tag |
First Indicator |
Second Indicator |
Subfields |
| LEADER |
00000cam a2200000Mi 4500 |
| 001 |
in00003576413 |
| 006 |
m o d |
| 007 |
cr mnu---uuaaa |
| 008 |
121227s1997 ne o 000 0 eng |
| 005 |
20260421173632.0 |
| 020 |
|
|
|a 9789401154581 (electronic bk.)
|
| 020 |
|
|
|a 9401154589 (electronic bk.)
|
| 020 |
|
|
|z 9780792340980
|
| 020 |
|
|
|z 0792340981
|
| 020 |
|
|
|z 9401154589
|
| 035 |
|
|
|a (OCoLC)851379550
|
| 040 |
|
|
|a AU@
|b eng
|e pn
|c AU@
|d GW5XE
|d OCLCQ
|d OCLCF
|d UtOrBLW
|
| 049 |
|
|
|a TXAM
|
| 050 |
|
4 |
|a QH541.5.W3
|
| 050 |
|
4 |
|a QH541.5.F7
|
| 050 |
|
4 |
|a QH541.5.S3
|
| 072 |
|
7 |
|a PSAF
|2 bicssc
|
| 072 |
|
7 |
|a PSP
|2 bicssc
|
| 072 |
|
7 |
|a SCI020000
|2 bisacsh
|
| 072 |
|
7 |
|a SCI039000
|2 bisacsh
|
| 082 |
0 |
4 |
|a 577.6
|2 23
|
| 082 |
0 |
4 |
|a 577.7
|2 23
|
| 100 |
1 |
|
|a Zheng, Mianping.
|
| 245 |
1 |
3 |
|a An Introduction to Saline Lakes on the Qinghai-Tibet Plateau /
|c by Zheng Mianping.
|
| 264 |
|
1 |
|a Dordrecht :
|b Springer Netherlands,
|c 1997.
|
| 300 |
|
|
|a 1 online resource (xiv, 295 pages)
|
| 336 |
|
|
|a text
|b txt
|2 rdacontent
|
| 337 |
|
|
|a computer
|b c
|2 rdamedia
|
| 338 |
|
|
|a online resource
|b cr
|2 rdacarrier
|
| 490 |
1 |
|
|a Monographiae biologicae,
|x 0077-0639 ;
|v 76
|
| 520 |
|
|
|a Since 1956 the author has been making extensive and detailed investigations of saline lakes on the Qinghai-Tibet plateau. On the basis of large amounts of reliable first-hand data and multidisciplinary analysis, the book deals with the temporal-spatial evolution of the plateau saline lakes and the prospects for inorganic salts and organic resources and their exploitation and protection, as well as the relationships between saline lakes and global changes. This book is the first English monograph on saline lakes on the Qinghai-Tibet Plateau - the `Roof of the World'. Compared with books about saline lakes in other areas of the world, this monograph is written in a multidisciplinary, comprehensive and systematic way. It may be used by graduate students, teachers, researchers, field geologists and engineers as a reference book in research, teaching, etc.
|
| 500 |
|
|
|a Electronic resource.
|
| 650 |
|
0 |
|a Life sciences.
|
| 650 |
|
0 |
|a Geochemistry.
|
| 650 |
|
0 |
|a Hydraulic engineering.
|
| 650 |
|
0 |
|a Sedimentology.
|
| 650 |
|
0 |
|a Aquatic biology.
|
| 650 |
|
7 |
|a Aquatic biology.
|2 fast
|0 (OCoLC)fst00811975
|
| 650 |
|
7 |
|a Geochemistry.
|2 fast
|0 (OCoLC)fst00940343
|
| 650 |
|
7 |
|a Hydraulic engineering.
|2 fast
|0 (OCoLC)fst00964596
|
| 650 |
|
7 |
|a Life sciences.
|2 fast
|0 (OCoLC)fst00998323
|
| 650 |
|
7 |
|a Sedimentology.
|2 fast
|0 (OCoLC)fst01111003
|
| 655 |
|
7 |
|a Electronic books.
|2 local
|
| 710 |
2 |
|
|a SpringerLink (Online service)
|
| 776 |
1 |
8 |
|i Print version:
|z 9780792340980
|
| 830 |
|
0 |
|a Monographiae biologicae ;
|v 76.
|
| 856 |
4 |
0 |
|u http://proxy.library.tamu.edu/login?url=https://link.springer.com/10.1007/978-94-011-5458-1
|z Connect to the full text of this electronic book
|t 0
|
| 994 |
|
|
|a 92
|b TXA
|
| 999 |
|
|
|a MARS
|
| 999 |
f |
f |
|s 30376c15-b465-3231-8c1b-2f96084f0e86
|i 87b15427-938f-3ff2-ba1a-d190ffd19191
|t 0
|
| 952 |
f |
f |
|a Texas A&M University
|b College Station
|c Electronic Resources
|s www_evans
|d Available Online
|t 0
|e QH541.5.S3
|h Library of Congress classification
|
| 998 |
f |
f |
|a QH541.5.S3
|t 0
|l Available Online
|